000 00470nam a22001817a 4500
005 20240831115750.0
008 240831b |||||||| |||| 00| 0 eng d
020 _a0-02-40-2300-0
041 _aeng
082 _a613.2
100 _aROBINSON, CORINNE H AND LAWLER, MARILYN R.
_98466
245 _aNORMAL AND THERAPEUTIC NUTRITION
250 _a15TH ED.
260 _aNEW YORK
_bMACMILLAN PUBLISHING CO.
_c1977
300 _a739, P
650 _aBPT
942 _cBK
999 _c8593
_d8591